| 000 | 00653nam a22001457a 4500 | ||
|---|---|---|---|
| 020 | _a978-0-671-04758-0 | ||
| 082 |
_a823 _bDIX/H |
||
| 100 | _aDIXON, FRANKLIN W | ||
| 245 | _aTHE HARDY BOYS - TRAINING FOR TROUBLE | ||
| 260 |
_aNEW YORK _bALADDIN PAPERBACKS _c2000 |
||
| 300 | _a147 | ||
| 520 | _aThey can practice judo, fencing, archery, and biathlon, and meet aspiring athletes from all over. But good times turn to bad sportsmanship when Joe's girlfriend, Iola, gets a nasty electrical shock during a fencing workout. Then someone decides to use Frank for target practice on the archery range. | ||
| 650 |
_aMYSTERY STORY _zUNITED STATES |
||
| 942 | _cBK | ||
| 999 |
_c7793 _d7793 |
||